Problemas de cálculo vectorial
Uloženo v:
| Hlavní autor: | |
|---|---|
| Médium: | Kniha |
| Jazyk: | španělština |
| Vydáno: |
Madrid
Alhambra
1971
|
| Edice: | Vertix. Textos Auxiliares de Clases Prácticas, 19. Sección III Matemáticas, 4
|
| Témata: | |
| Tagy: |
Přidat tag
Žádné tagy, Buďte první, kdo vytvoří štítek k tomuto záznamu!
|
MARC
| LEADER | 00000nam a2200000 a 4500 | ||
|---|---|---|---|
| 001 | UCP0198 | ||
| 003 | CL-VaPUC | ||
| 008 | 990305e19710000SP |||||||||||||||||spa|d | ||
| 082 | 0 | 4 | |a 515.63 |b CLE |2 21 |
| 100 | 0 | |a Clement Casado, J. M |e author |9 425186 | |
| 245 | 1 | 0 | |a Problemas de cálculo vectorial |
| 300 | |a 232 p | ||
| 942 | |c BK | ||
| 945 | |d 19990305 00:00:00 |a cmena | ||
| 260 | |a Madrid |b Alhambra |c 1971 | ||
| 650 | 0 | |a Cálculo |9 260234 | |
| 650 | 0 | |a Análisis vectorial |9 260451 | |
| 650 | 0 | |a Cálculo vectorial |9 408406 | |
| 583 | |a last modification |c 19990305 00:00:00 |k Rodrigo Vera | ||
| 490 | 0 | |a Vertix. Textos Auxiliares de Clases Prácticas, 19. Sección III Matemáticas, 4 | |
| 999 | |c 279038 |d 279036 | ||
| 952 | |0 0 |1 0 |4 0 |6 515_630000000000000_CLE_1971 |7 0 |8 A |9 317938 |a BIBMAT |b BIBMAT |d 2019-11-20 |i 149807K |o 515.63 CLE 1971 |p 149807K |r 2025-01-07 |w 2019-11-20 |y BK |k MAT | ||